000 00416nam a22001697a 4500
005 20260115125135.0
008 160520b xxu||||| |||| 00| 0 eng d
020 _a81-219-2616-5
041 _aeng
082 _b3460
100 _aKhurmi R.S.
245 _aA text book 0f Engineering Mechanics
260 _aNew Delhi
_bSultan Chand & Sons.
300 _a765
650 _aDIPLOMA ENGINEERING
_9817
942 _cBK
999 _c1188
_d1188